Sea quest : (Record no. 7848)

MARC details
000 -LEADER
fixed length control field 01087nam a22002897a 4500
001 - CONTROL NUMBER
control field 7848
003 - CONTROL NUMBER IDENTIFIER
control field FISKH
005 - DATE AND TIME OF LATEST TRANSACTION
control field 20250812091850.0
008 - FIXED-LENGTH DATA ELEMENTS--GENERAL INFORMATION
fixed length control field 250812b cb ||||| |||| 00| 0 eng d
020 ## - INTERNATIONAL STANDARD BOOK NUMBER
International Standard Book Number 9781408324127
040 ## - CATALOGING SOURCE
Original cataloging agency FISKH
Language of cataloging eng
Transcribing agency FISKH
Modifying agency FISKH
050 ## - LIBRARY OF CONGRESS CALL NUMBER
Classification number PZ7
082 ## - DEWEY DECIMAL CLASSIFICATION NUMBER
Classification number 823.92
100 ## - MAIN ENTRY--PERSONAL NAME
Personal name Blade, Adam
245 ## - TITLE STATEMENT
Title Sea quest :
Remainder of title Stinger the sea phantom /
Statement of responsibility, etc. By Adam Blade
250 ## - EDITION STATEMENT
Edition statement This edition first published in 2013
260 ## - PUBLICATION, DISTRIBUTION, ETC.
Place of publication, distribution, etc. London :
Name of publisher, distributor, etc. Orchard,
Date of publication, distribution, etc. 2000
300 ## - PHYSICAL DESCRIPTION
Extent 118 pages :
Dimensions 20 cm
505 ## - FORMATTED CONTENTS NOTE
Formatted contents note J<br/>
520 ## - SUMMARY, ETC.
Summary, etc. A new Sea Quest continues! Spectron, the Sea Ghost City, is in danger! The wicked Professor has unleashed another of his menacing Robobeasts. Can Max and his friends defeat Stinger the Sea Phantom and protect the Sea Ghosts Don't miss the other books in this series: Shredder the Spider Droid, Crusher the Creeping Terror and Mangler the Dark Menace.<br/>
521 8# - TARGET AUDIENCE NOTE
Target audience note 500<br/><br/>
Source Lexile<br/>
521 8# - TARGET AUDIENCE NOTE
Target audience note J<br/>
Source Raz-Plus<br/>
650 ## - SUBJECT ADDED ENTRY--TOPICAL TERM
Source of heading or term Sea Monster
Topical term or geographic name entry element Spider
650 ## - SUBJECT ADDED ENTRY--TOPICAL TERM
Source of heading or term Ghost City
Topical term or geographic name entry element Protect
942 ## - ADDED ENTRY ELEMENTS (KOHA)
Source of classification or shelving scheme Dewey Decimal Classification
Koha item type Books
Suppress in OPAC No
Holdings
Withdrawn status Lost status Source of classification or shelving scheme Damaged status Not for loan Collection Home library Current library Shelving location Date acquired Total Checkouts Full call number Barcode Date last seen Copy number Price effective from Koha item type
    Dewey Decimal Classification     Juvenile Fiction Footprints International School Library Network Toul Tom Poung Campus Footprints International School Library Network Toul Tom Poung Campus TTP Primary Dark Blue Bookshelves 08/12/2025   BLA 823.92 PZ7 FISTKG6A070 08/12/2025 1 08/12/2025 Books